000 00460nam a22001817a 4500
003 MPLRDC
005 20220104114006.0
008 210129b ||||| |||| 00| 0 eng d
082 _a830.8 XDWC v.100
100 _a希代编辑群策划
245 _a年轻出击
_c
250 _a一版三刷
260 _a
_b希代书版有限公司
_c1988
300 _b
490 _a希代文丛. 100
650 _a中国文学总集
942 _cBK
_o830.8 XDWC v.100
999 _c3965
_d3955